Futures <the> journal of forecasting, planning and policy

Saved in:
Bibliographic Details
Format: Serial
Language:English
Published: Westbury House Butterworth-Heinemann 1994
Subjects:
Tags: Add Tag
No Tags, Be the first to tag this record!

MARC

LEADER 00000nas2a2200000 4500
001 s017892
005 20240109100151.4
022 |a 0016-3287 
041 0 |a eng 
044 |a GB 
245 1 0 |a Futures  |b <the> journal of forecasting, planning and policy 
264 1 |a Westbury House  |b Butterworth-Heinemann  |c 1994 
300 |a 2 zv. 
773 0 |w eu_un_cat*s120178 
610 2 0 |a prognózy 
610 2 0 |a prognózy hospodárske 
610 2 0 |a prognózy dlhodobé